| 000 | 01700nam a2200373 i 4500 | ||
|---|---|---|---|
| 001 | 000038625 | ||
| 003 | DO-SdBNP | ||
| 005 | 20250701132841.0 | ||
| 007 | ta | ||
| 008 | 130416s2012 dr abcd 000 0 spa d | ||
| 040 |
_aDO-SdBNP _bspa _cBNPHU _erda |
||
| 082 | 4 |
_a338.7293 _bC758m _222 |
|
| 245 | 0 | 0 |
_aConstruyendo un mejor futuro para la República Dominicana : _bherramientas para el desarrollo / _cRicardo Hausmann...[et.al]. |
| 246 | 1 | 4 |
_aReporte Harvard : _bconstruyendo un mejor futuro para la República Dominicana: herramientas para el desarrollo |
| 264 |
_aSanto Domingo : _bCentro de Desarrollo Internacional de la Universidad de Harvard, _c2012. |
||
| 300 |
_a139 páginas : _bilustraciones, mapas, retratos y gráficas ; _c29 cm. |
||
| 336 |
_2rdacontent _atexto _btxt |
||
| 337 |
_2rdamedia _asin mediación _bn |
||
| 338 |
_2rdacarrier _avolumen _bnc |
||
| 500 | _aConsultultoría solicitada por el Ministerio de Economía, Planificación y Desarrollo | ||
| 500 | _aA la cabeza de la portada: Informe técnico | ||
| 590 | _aInventariado, 2018/DG | ||
| 650 | 0 |
_aDesarrollo económico _985548 |
|
| 650 | 4 |
_aPotencial de crecimiento _zRepública Dominicana _912741 |
|
| 650 | 4 |
_aDesarrollo económico y social _97372 |
|
| 651 | 4 |
_aRepública Dominicana _xCondiciones sociales _946 |
|
| 651 | 4 |
_aRepública Dominicana _xCondiciones económicas _9281 |
|
| 700 | 1 |
_aHausmann, Ricardo _964955 |
|
| 700 | 1 |
_aHidalgo, César A. _964956 |
|
| 710 | 1 |
_aRepública Dominicana. _bMinisterio de Economía, Planificación y Desarrollo _966142 |
|
| 710 | 2 |
_aUniversidad de Harvard. _bCentro de Desarrollo Internacional _964957 |
|
| 910 | _aValidado. Control de calidad EMS | ||
| 942 |
_2ddc _cLBS1 |
||
| 999 |
_c38115 _d38115 |
||